000 00409 a2200145 4500
999 _c12322
_d12322
003 OSt
005 20240117131247.0
008 240117b ||||| |||| 00| 0 eng d
020 _a9783869226132
082 _a720.103
_bPAR
100 _aPÄlsson, Karsten
245 _aPublic spaces and urbanity : construction and design manual : how to design humane cities
260 _bDOM Publishers
_c2017
942 _2ddc